|
|
|
|
| LEADER |
00000nam0a2200000 4500 |
| 001 |
301860 |
| 005 |
20231102001437.0 |
| 020 |
|
|
|a RU
|b 83-18079
|
| 035 |
|
|
|a (RuTPU)RU\TPU\book\327051
|
| 090 |
|
|
|a 301860
|
| 100 |
|
|
|a 20150817d1983 m y0rusy5003 ca
|
| 101 |
0 |
|
|a rus
|
| 102 |
|
|
|a RU
|
| 105 |
|
|
|a y z 001zy
|
| 200 |
1 |
|
|a Применение трудового законодательства на предприятиях связи
|e (В вопр. и ответах)
|f Н. М. Щеголева, П. Г. Кошман
|
| 205 |
|
|
|a 2-е иизд., перераб. и доп.
|
| 210 |
|
|
|a Москва
|c Радио и связь
|d 1983
|
| 215 |
|
|
|a 160 с.
|
| 320 |
|
|
|a Библиогр.: с. 152
|
| 606 |
1 |
|
|a Трудовое право
|y Россия
|2 stltpush
|3 (RuTPU)RU\TPU\subj\61983
|9 79144
|
| 610 |
1 |
|
|a трудовое законодательство
|
| 610 |
1 |
|
|a связь
|
| 610 |
1 |
|
|a предприятия
|
| 610 |
1 |
|
|a применение
|
| 610 |
1 |
|
|a прием
|
| 610 |
1 |
|
|a увольнение
|
| 610 |
1 |
|
|a трудовые книжки
|
| 610 |
1 |
|
|a рабочее время
|
| 610 |
1 |
|
|a отдых
|
| 610 |
1 |
|
|a гарантии
|
| 610 |
1 |
|
|a командировки
|
| 610 |
1 |
|
|a трудовая дисциплина
|
| 610 |
1 |
|
|a трудовые споры
|
| 610 |
1 |
|
|a вопросы
|
| 610 |
1 |
|
|a ответы
|
| 700 |
|
1 |
|a Щеголева
|b Н. М.
|g Нина Михайловна
|4 070
|
| 701 |
|
1 |
|a Кошман
|b П. Г.
|g Павел Григорьевич
|4 070
|
| 801 |
|
0 |
|a RU
|b RuMRKP
|c 19950704
|g psbo
|
| 801 |
|
1 |
|a RU
|b 63413507
|c 20150817
|
| 801 |
|
2 |
|a RU
|b 63413507
|c 20190617
|g RCR
|
| 942 |
|
|
|c BK
|